A survey of the cotton textile industry of Pakistan. (Record no. 73598)

MARC details
000 -LEADER
fixed length control field 00704cam a22002531 4500
001 - CONTROL NUMBER
control field sa 67003046
003 - CONTROL NUMBER IDENTIFIER
control field DLC
005 - DATE AND TIME OF LATEST TRANSACTION
control field 20260227112335.0
008 - FIXED-LENGTH DATA ELEMENTS--GENERAL INFORMATION
fixed length control field 810709s1965 pk a 000 0 eng
010 ## - LIBRARY OF CONGRESS CONTROL NUMBER
LC control number sa 67003046
025 ## - OVERSEAS ACQUISITION NUMBER
Overseas acquisition number PL480:EP-E-315
035 ## - SYSTEM CONTROL NUMBER
System control number (OCoLC)7567181
040 ## - CATALOGING SOURCE
Original cataloging agency DLC
Transcribing agency MnSU
Modifying agency DLC
042 ## - AUTHENTICATION CODE
Authentication code premarc
043 ## - GEOGRAPHIC AREA CODE
Geographic area code a-pk---
050 00 - LIBRARY OF CONGRESS CALL NUMBER
Classification number HD9886.P142
Item number I5
110 2# - MAIN ENTRY--CORPORATE NAME
Corporate name or jurisdiction name as entry element Industrial Development Bank of Pakistan.
245 12 - TITLE STATEMENT
Title A survey of the cotton textile industry of Pakistan.
260 ## - PUBLICATION, DISTRIBUTION, ETC.
Place of publication, distribution, etc. [Dacca,
Date of publication, distribution, etc. 1965]
300 ## - PHYSICAL DESCRIPTION
Extent 231 p.
Other physical details tables (some fold.)
Dimensions 25 cm.
500 ## - GENERAL NOTE
General note Cover title.
650 #0 - SUBJECT ADDED ENTRY--TOPICAL TERM
Topical term or geographic name entry element Cotton manufacture
Geographic subdivision Pakistan.
650 #0 - SUBJECT ADDED ENTRY--TOPICAL TERM
Topical term or geographic name entry element Cotton trade
Geographic subdivision Pakistan.

No items available.

Powered by Koha